| 000 | 00436pam a2200169a 44500 | ||
|---|---|---|---|
| 008 | 230405s2005 xxu||||| |||| 00| 0 eng d | ||
| 041 | _aENG | ||
| 100 | _aT.B.Biswass | ||
| 245 | _aText Book of Soil Science | ||
| 250 | _a2 Ed. | ||
| 260 |
_aNew Delhi _bTata Megraw -Hill Publishing Company _c2005 |
||
| 300 | _a433 | ||
| 440 | _aUniversal Book stall Pune -30 | ||
| 690 | _aHORTICOLLEGE | ||
| 700 | _aS.K. Mukherjee | ||
| 906 | _a6 | ||
| 999 |
_c288885 _d288885 |
||